000 01334nam a2200337 a 4500
001 000112026
003 CHAP
005 20220329144242.0
008 151118s2015 mx |sm |||||||spa d
010 _a108487
011 _a109459
040 _cCHAP
090 _aTesis
100 1 _aRodríguez Flores, Álvaro
_9130062
245 1 0 _aValoración de tratamientos moderadores de la flora intestinal del conejo en crecimiento, para la prevención de enteritis
_h[En línea]
_cpor Álvaro Rodríguez Flores y Miguel Angel Ponce Ensastegui.
260 _aChapingo, Méx. :
_bEl autor,
_c2015.
500 _aPara ver el contenido del material haga clic en la liga
502 _aTesis (Ing. Agr. Esp. en Zootecnia) -- UACH. Departamento de Enseñanza, Investigación y Servicio en Zootecnia
590 _aE5652GLJ
_b05
_c20151118
_lUCH01
_h1339
590 _aE5652GLJ
_b05
_c20151118
_lUCH01
_h1340
590 _aE5652GLJ
_b05
_c20151119
_lUCH01
_h0802
650 1 4 _aConejos
_xAlimentación.
_926353
650 1 4 _aConejos
_xCrecimiento.
_926357
650 1 4 _aConejos
_xEnfermedades.
_926362
650 1 4 _aProbióticos
_xAlimentación animal.
_991694
700 1 _aPonce Ensastegui, Miguel Angel
_9130063
856 _aFinding aid
_uhttp://10.13.5.2/tesis/sist112026.pdf
_zTeclea aquí
901 _aBK
942 _cTESIS
942 _n0
999 _c108487
_d108487